000 00654nam#a22002415a#4500
001 2458
245 1 0 _aPoemas ilustrados /
_cVicente Huidobro ; ilustrado por Alberto Montt.
250 _a1ª edic.
260 _aCórdoba :
_bComunic-Arte,
_c2014.
300 _a60 p. ;
_c23 cm.
500 _aPertenece a la colección Juan Gelman.
020 _a9789876022859
100 1 _aHuidobro, Vicente.
700 1 _aMontt, Alberto.
_4ill
080 _a82-1 (83)
084 _aS75
653 _aPoesía Chilena
040 _aAR-ClEAG
_cAR-ClEAG
008 141028s2014####ag############000#0#und#d
005 20241107184745.0
003 AR-ClEAG
942 _cBK
999 _c2458
_d2458
980 _62
_aEvangelina Gallicchio
_82
_gEvangelina Gallicchio